000
00193nam a2200085 4500
001
1254988
005
20251202111622.0
245
_a
CANIM ARKADAŞIM
_c
ÖZGÜR BALPINAR
260
_b
TİMAŞ YAYINLARI
999
_c
1254988
_d
1254988